000 00917cam a22002774a 4500
020 _a9781844077847 (hardback)
020 _a1844077845 (hardback)
020 _a9781844077854 (pbk.)
020 _a1844077853 (pbk.)
020 _a9789251061732 (FAO)
020 _a9251061734 (FAO)
040 _cDLC
082 0 0 _a381 EAR 2010 A015 Or.
082 0 0 _a338 EAR 2010 A015 Or.
245 0 0 _aSeed trade in rural markets :
_bimplications for crop diversity and agricultural development /
260 _aLondon ;
_aSterling, VA :
_bEarthscan :
_bFood and Agriculture Organization of the United Nations,
_c2010.
300 _axxiii, 232 p. :
_bill., maps ;
_c24 cm.
650 0 _aSeed industry and trade
650 0 _aSeed industry and trade
650 0 _aSeed exchanges
650 0 _aSeed exchanges
700 1 _aLipper, Leslie.
700 1 _aAnderson, C. Leigh,
700 1 _aDalton, Timothy J.
942 _cEK
999 _c11368
_d11368